<?xml version="1.0" encoding="UTF-8"?>
<record
    xmlns:xsi="http://www.w3.org/2001/XMLSchema-instance"
    xsi:schemaLocation="http://www.loc.gov/MARC21/slim http://www.loc.gov/standards/marcxml/schema/MARC21slim.xsd"
    xmlns="http://www.loc.gov/MARC21/slim">

  <leader>00581cam a22001811  4500</leader>
  <controlfield tag="001">45519</controlfield>
  <datafield tag="090" ind1=" " ind2=" ">
    <subfield code="a">45519</subfield>
  </datafield>
  <datafield tag="100" ind1=" " ind2=" ">
    <subfield code="a">19940104d1945    m  y0pory5003    ba</subfield>
  </datafield>
  <datafield tag="101" ind1="0" ind2=" ">
    <subfield code="a">por</subfield>
  </datafield>
  <datafield tag="102" ind1=" " ind2=" ">
    <subfield code="a">PT</subfield>
  </datafield>
  <datafield tag="200" ind1="1" ind2=" ">
    <subfield code="a">Os derivados do leite na alimentac&#xE3;o e na ind&#xFA;stria</subfield>
    <subfield code="f">F. Vieira de S&#xE1;</subfield>
  </datafield>
  <datafield tag="210" ind1=" " ind2="9">
    <subfield code="a">Lisboa</subfield>
    <subfield code="c">Edi&#xE7;&#xF5;es Cosmos,</subfield>
    <subfield code="d">imp. 1945</subfield>
  </datafield>
  <datafield tag="215" ind1=" " ind2=" ">
    <subfield code="a">132, [4] p.</subfield>
    <subfield code="c">il.</subfield>
    <subfield code="d">19 cm</subfield>
  </datafield>
  <datafield tag="225" ind1="2" ind2=" ">
    <subfield code="a">Biblioteca Cosmos</subfield>
    <subfield code="v">88</subfield>
    <subfield code="h">7.&#xAA; secc&#xE3;o.</subfield>
    <subfield code="i">Problemas do nosso tempo. Produ&#xE7;&#xE3;o Animal na Civiliza&#xE7;&#xE3;o</subfield>
    <subfield code="v">12</subfield>
  </datafield>
  <datafield tag="675" ind1=" " ind2=" ">
    <subfield code="a">637.1</subfield>
  </datafield>
  <datafield tag="700" ind1=" " ind2="1">
    <subfield code="a">S&#xE1;,</subfield>
    <subfield code="b">Fernando Vieira de,</subfield>
    <subfield code="f">1914-2015</subfield>
  </datafield>
  <datafield tag="801" ind1=" " ind2="0">
    <subfield code="a">PT</subfield>
    <subfield code="b">BN</subfield>
    <subfield code="g">RPC</subfield>
  </datafield>
  <datafield tag="990" ind1=" " ind2=" ">
    <subfield code="c">MON</subfield>
  </datafield>
  <datafield tag="995" ind1=" " ind2=" ">
    <subfield code="1">0</subfield>
    <subfield code="9">76513</subfield>
    <subfield code="b">BMR</subfield>
    <subfield code="c">BMR</subfield>
    <subfield code="f">056223</subfield>
    <subfield code="k">637.1 SA</subfield>
    <subfield code="o">-1</subfield>
    <subfield code="r">LIVROS</subfield>
    <subfield code="u">oferta de Verg&#xED;lio Ambr&#xF3;sio</subfield>
  </datafield>
</record>
